000 00276nam a2200121Ia 4500
008 140130s9999 xx 000 0 und d
245 _cHesse, Karn
_aJust juice
260 _bScholastic,
_c1998
440 _v1
521 _aGrade 3 - Grade 4
942 _cBK
999 _c40984
_d40984